=LDR 00000nam 2200000 4500 =001 INLIS000000000017741 =005 20130612112947 =008 ***********************************Ind** =035 ##$$0010-061300000017741 =041 ##$$a Ind =082 ##$$a 631.4 =090 ##$$a 631.4, Shi p =100 ##$$a Shirley =245 ##$$a Penuntun praktis geoteknik dan mekanika tanah, penyelidikan lapangan dan laboratorium, oleh Ir. Shierley LH =260 ##$$a 1994 $b Bandung =300 ##$$a vi, 191 hlm, ilus, Prafika, 21 cm =650 ##$$a Ilmu Tanah =850 ##$$a NBPNMAT